[Event "Ceske Budejovice op-B"]
[Site "Ceske Budejovice"]
[Date "2022.07.04"]
[Round "4"]
[White "Koch Muller, Victor"]
[Black "Fousek, Petr"]
[Result "1/2-1/2"]
[WhiteElo "1602"]
[BlackElo "1336"]
[PlyCount "63"]
[EventDate "2022.07.01"]
[EventType "swiss"]
[EventRounds "9"]
[EventCountry "CZE"]
[SourceTitle "EXT 2023"]
[Source "ChessBase"]
[SourceDate "2022.10.05"]
[SourceVersion "1"]
[SourceVersionDate "2022.10.05"]
[SourceQuality "1"]

1. d4 Nf6 2. Nf3 g6 3. Bf4 Bg7 4. e3 0-0 5. Bd3 d6 6. c3 b6 7. Qc2 Bb7 8. Nbd2 Nbd7 9. 0-0 Nh5 10. Bg3 Nxg3 11. hxg3 e5 12. dxe5 Nxe5 13. Nxe5 dxe5 14. Rfd1 f5 15. Nb3 Kh8 16. Bxf5 Qf6 17. Bd3 Rad8 18. f4 exf4 19. gxf4 g5 20. g3 gxf4 21. exf4 Qc6 22. Qh2 h6 23. Bf1 Qf3 24. Rxd8 Rxd8 25. Bg2 Rd1+ 26. Rxd1 Qxd1+ 27. Bf1 Qf3 28. Bg2 Qe3+ 29. Kh1 Qe2 30. Bxb7 Qf1+ 31. Qg1 Qh3+ 32. Qh2 1/2-1/2

[Event "Pardubice Czech op-C 32nd"]
[Site "Pardubice"]
[Date "2021.07.24"]
[Round "1"]
[White "Endler, Boris"]
[Black "Fousek, Petr"]
[Result "1-0"]
[WhiteElo "1654"]
[BlackElo "1245"]
[PlyCount "51"]
[EventDate "2021.07.24"]
[EventType "swiss"]
[EventRounds "9"]
[EventCountry "CZE"]
[SourceTitle "EXT 2022"]
[Source "ChessBase"]
[SourceDate "2021.10.06"]
[SourceVersion "1"]
[SourceVersionDate "2021.10.06"]
[SourceQuality "1"]

1. e4 c5 2. c3 d5 3. exd5 Qxd5 4. d4 cxd4 5. cxd4 e5 6. Nc3 Qxd4 7. Qxd4 exd4 8. Nb5 Kd8 9. Nf3 Nc6 10. Nbxd4 Nxd4 11. Nxd4 Bc5 12. Nb3 Bb6 13. Bf4 Nf6 14. 0-0-0+ Bd7 15. Bb5 Rc8+ 16. Kb1 h6 17. Be5 Ke8 18. Bxf6 Bxb5 19. Bxg7 Bc4 20. Rhe1+ Be6 21. Bxh8 Bxf2 22. Re2 Bb6 23. Bf6 Kf8 24. h3 Re8 25. Rde1 Bf2 26. Rxf2 1-0